[Event "Chrudim op"]
[Site "Chrudim"]
[Date "2004.07.07"]
[Round "2"]
[White "Krys, Jaromir Jr"]
[Black "Chernyshov, Maxim"]
[Result "0-1"]
[WhiteElo "1424"]
[BlackElo "1950"]
[PlyCount "74"]
[EventDate "2004.07.06"]
[EventType "swiss"]
[EventRounds "9"]
[EventCountry "CZE"]
[SourceTitle "EXT 2006"]
[Source "ChessBase"]
[SourceDate "2005.11.24"]
[SourceVersion "1"]
[SourceVersionDate "2005.11.24"]
[SourceQuality "1"]

1. e4 c5 2. Nf3 Nc6 3. d4 cxd4 4. Nxd4 e5 5. Nxc6 bxc6 6. Nc3 Nf6 7. Bg5 Bb4 8. Qf3 d5 9. exd5 Qxd5 10. Qxd5 cxd5 11. Bb5+ Bd7 12. Bxd7+ Kxd7 13. 0-0 Bxc3 14. bxc3 Ne4 15. Bh4 Nxc3 16. Rfe1 Rhe8 17. Re3 Rac8 18. Bg3 Ne4 19. Rd1 Ke6 20. Rde1 f6 21. R1e2 Nxg3 22. Rxg3 Kf7 23. c3 Rc4 24. Rd2 Rb8 25. h3 Rb5 26. Kh2 Rbc5 27. Rdd3 e4 28. Rde3 f5 29. f4 Ra5 30. Re2 g6 31. Rb2 Rc7 32. Re3 Ra3 33. g4 Ke6 34. Rc2 d4 35. Rg3 d3 36. Rd2 Raxc3 37. Re3 Rc2 0-1

[Event "Chrudim op"]
[Site "Chrudim"]
[Date "2003.07.11"]
[Round "7"]
[White "Kus, Martin"]
[Black "Krys, Jaromir Jr"]
[Result "1/2-1/2"]
[WhiteElo "1250"]
[BlackElo "1392"]
[PlyCount "41"]
[EventDate "2003.07.??"]
[EventType "swiss"]
[EventRounds "9"]
[EventCountry "CZE"]
[SourceTitle "EXT 2006"]
[Source "ChessBase"]
[SourceDate "2005.11.24"]
[SourceVersion "1"]
[SourceVersionDate "2005.11.24"]
[SourceQuality "1"]

1. e4 e5 2. Nf3 Nc6 3. Bc4 Bc5 4. c3 Nf6 5. d4 exd4 6. cxd4 Bb4+ 7. Bd2 Bxd2+ 8. Nbxd2 d5 9. exd5 Nxd5 10. Qb3 Na5 11. Qa4+ c6 12. Qc2 Nxc4 13. Nxc4 0-0 14. 0-0 Bg4 15. Nfe5 Qg5 16. Nxg4 Qxg4 17. Rad1 Nf4 18. f3 Qg5 19. Nd6 Rab8 20. Ne4 Qg6 21. Qd2 1/2-1/2

[Event "CZE-ch U16"]
[Site "Volyne"]
[Date "2003.??.??"]
[Round "?"]
[White "Krys, Jaromir Jr"]
[Black "Simunek, Filip"]
[Result "0-1"]
[WhiteElo "1449"]
[BlackElo "1807"]
[PlyCount "34"]
[EventDate "2003.??.??"]
[EventType "swiss"]
[EventRounds "9"]
[EventCountry "CZE"]
[SourceTitle "EXT 2005"]
[Source "ChessBase"]
[SourceDate "2004.11.15"]
[SourceVersion "1"]
[SourceVersionDate "2004.11.15"]
[SourceQuality "1"]

1. e4 c5 2. Nf3 d6 3. d4 cxd4 4. Nxd4 Nf6 5. Nc3 Nc6 6. Bb5 Bd7 7. Nf5 Nxe4 8. Nxg7+ Bxg7 9. Nxe4 Qa5+ 10. Qd2 Qxb5 11. Qe3 0-0-0 12. c3 f5 13. Nd2 f4 14. Qf3 Ne5 15. Qe4 Nd3+ 16. Kf1 d5 17. Qxe7 Rhe8 0-1

[Event "Chrudim op"]
[Site "Chrudim"]
[Date "2002.07.11"]
[Round "4"]
[White "Krys, Jaromir Jr"]
[Black "Tadjerbashi, Kamelia"]
[Result "0-1"]
[WhiteElo "1364"]
[BlackElo "1371"]
[PlyCount "56"]
[EventDate "2002.07.??"]
[EventType "swiss"]
[EventRounds "9"]
[EventCountry "CZE"]
[SourceTitle "EXT 2006"]
[Source "ChessBase"]
[SourceDate "2005.11.24"]
[SourceVersion "1"]
[SourceVersionDate "2005.11.24"]
[SourceQuality "1"]

1. e4 e5 2. Nf3 Nc6 3. Bc4 Bc5 4. c3 Nf6 5. d4 exd4 6. cxd4 Bb4+ 7. Bd2 Bxd2+ 8. Nbxd2 d5 9. exd5 Nxd5 10. Qb3 Be6 11. Qxb7 Ncb4 12. 0-0 Qb8 13. Qxb8+ Rxb8 14. Rac1 Rb6 15. Rfe1 0-0 16. Ne4 Nf4 17. Ne5 Nxa2 18. Bxa2 Bxa2 19. Rxc7 Rxb2 20. Rxa7 Ne2+ 21. Kf1 Nxd4 22. Nd6 f6 23. Nd7 Rd8 24. g3 Nb5 25. Nxb5 Bc4+ 26. Kg2 Bxb5 27. Nc5 h6 28. Rb7 Bc6+ 0-1

[Event "Chrudim op"]
[Site "Chrudim"]
[Date "2002.07.10"]
[Round "3"]
[White "Framberk, Jan"]
[Black "Krys, Jaromir Jr"]
[Result "1-0"]
[WhiteElo "1679"]
[BlackElo "1364"]
[PlyCount "47"]
[EventDate "2002.07.??"]
[EventType "swiss"]
[EventRounds "9"]
[EventCountry "CZE"]
[SourceTitle "EXT 2006"]
[Source "ChessBase"]
[SourceDate "2005.11.24"]
[SourceVersion "1"]
[SourceVersionDate "2005.11.24"]
[SourceQuality "1"]

1. e4 e5 2. Nf3 Nc6 3. d4 exd4 4. Bc4 Bc5 5. c3 dxc3 6. Bxf7+ Kxf7 7. Qd5+ Ke8 8. Qxc5 cxb2 9. Bxb2 d6 10. Qh5+ Ke7 11. Bxg7 Nf6 12. Qh4 Kf7 13. Bxh8 Qxh8 14. 0-0 Nxe4 15. Nbd2 Nxd2 16. Qf4+ Qf6 17. Qxf6+ Kxf6 18. Nxd2 Be6 19. Rab1 b6 20. Rbc1 Rg8 21. Ne4+ Ke5 22. Rfe1 Bd5 23. Nc3+ Kd4 24. Red1+ 1-0